U.S. States That Beat Australia - Statistics

General Stats
  • This quiz has been taken 609 times
  • The average score is 14 of 16
Answer Stats
Rank Category Answer % Correct
7 Largest Metro Area New York | California | Illinois | Texas | Georgia | Florida
98%
8 Highest % Indigenous Alaska | New Mexico | South Dakota | Oklahoma | Montana | North Dakota | Arizona
97%
9 Largest Lake Michigan | Minnesota | Wisconsin | Illinois | Indiana | New York | Ohio | Pennsylvania
97%
3 Most Populous California | Texas
95%
8 Lowest Average Precipitation Nevada | Utah | Wyoming | Arizona | New Mexico | Montana | Colorado
93%
4 Lowest Population Density Alaska | Wyoming | Montana
92%
3 Most Populous Island New York | Hawaii
92%
3 Highest % of People Commuting to Work by Public Transit New York | New Jersey
92%
3 Highest % Asian Hawaii | California
91%
8 Least Forested North Dakota | Nebraska | South Dakota | Kansas | Iowa | Illinois | Nevada
88%
6 Fewest Subdivisions (Counties for U.S. States, Provinces and Permanently Populated Territories for Australia) Delaware | Hawaii | Rhode Island | Connecticut | New Hampshire
86%
5 Fastest Population Growth (1960-2021) Nevada | Arizona | Florida | Utah
86%
2 Busiest Airport by Passenger Traffic Georgia
74%
2 Longest Distance Between Top 2 Largest Cities Alaska
73%
5 Lowest Median Age Utah | Texas | Alaska | North Dakota
72%
3 Lowest % Religious Vermont | New Hampshire
58%
No matching quizzes found
Score Distribution
Percent of People with Each Score
Percentile by Number Answered
Your Score History
You have not taken this quiz